• Sisebuto,

di Personal Name

Records bibliografici associati: 0

001 - CONTROL NUMBER

  • control field: 65775

003 - CONTROL NUMBER IDENTIFIER

  • control field: IT-RoINE

005 - DATE AND TIME OF LATEST TRANSACTION

  • control field: 20200109092755.0

008 - FIXED-LENGTH DATA ELEMENTS

  • fixed length control field: 200109|| azz||aabn | a|a d

040 ## - CATALOGING SOURCE

  • Original cataloging agency: IT-RoINE

100 0# - HEADING--PERSONAL NAME

  • Personal name: Sisebuto,
  • Titles and other words associated with a name: Rey de los Visigodos,
  • Dates associated with a name: ca. 565-621

400 0# - SEE FROM TRACING--PERSONAL NAME

  • Personal name: Sisebutus,‏
  • Titles and other words associated with a name: Rey de los Visigodos,
  • Dates associated with a name: ca. 565-621

400 0# - SEE FROM TRACING--PERSONAL NAME

  • Personal name: Flavius Sisebut‏,
  • Titles and other words associated with a name: Rey de los Visigodos,
  • Dates associated with a name: ca. 565-621